|
|
|
|
| LEADER |
03895nam a2200517 4500 |
| 001 |
ocn907641646 |
| 003 |
OCoLC |
| 005 |
20170124065833.8 |
| 006 |
m o d |
| 007 |
cr cnu|||unuuu |
| 008 |
150420s2015 enk ob 001 0 eng d |
| 040 |
|
|
|a DG1
|b eng
|e rda
|e pn
|c DG1
|d YDXCP
|d OCLCF
|d DG1
|d DEBBG
|d GrThAP
|
| 019 |
|
|
|a 908986753
|
| 020 |
|
|
|a 9781118958841
|q electronic bk.
|
| 020 |
|
|
|a 1118958845
|q electronic bk.
|
| 020 |
|
|
|z 9781118958858
|
| 024 |
7 |
|
|a 10.1002/9781118958841
|2 doi
|
| 029 |
1 |
|
|a GBVCP
|b 836347935
|
| 029 |
1 |
|
|a DEBBG
|b BV043397713
|
| 035 |
|
|
|a (OCoLC)907641646
|z (OCoLC)908986753
|
| 050 |
|
4 |
|a QK898.P6
|
| 082 |
0 |
4 |
|a 632/.19
|2 23
|
| 049 |
|
|
|a MAIN
|
| 245 |
0 |
0 |
|a Annual plant reviews.
|n Volume 48,
|p Phosphorous metabolism in plants /
|c edited by William C. Plaxton, Hans Lambers.
|
| 246 |
3 |
0 |
|a Phosphorous metabolism in plants
|
| 264 |
|
1 |
|a Chichester, West Sussex, UK :
|b Wiley Blackwell,
|c 2015.
|
| 300 |
|
|
|a 1 online resource.
|
| 336 |
|
|
|a text
|b txt
|2 rdacontent
|
| 337 |
|
|
|a computer
|b c
|2 rdamedia
|
| 338 |
|
|
|a online resource
|b cr
|2 rdacarrier
|
| 505 |
0 |
|
|a Introduction. Phosphorus: Back to the Roots / Hans Lambers, William C Plaxton -- P-Sensing, Transport, and Metabolism. Sensing, signaLling, and CONTROL of phosphate starvation in plants: molecular players and applications / Wolf-Rüdiger Scheible, Monica Rojas-Triana -- 'Omics' Approaches Towards Understanding Plant Phosphorus Acquisition and Use / Ping Lan, Wenfeng Li, Wolfgang Schmidt -- The Role of Post-Translational Enzyme Modifications in the Metabolic Adaptations of Phosphorus-Deprived Plants / William C Plaxton, Michael W Shane -- Phosphate Transporters / Yves Poirier, Ji-Yul Jung -- Molecular Components that Drive Phosphorus-Remobilisation During Leaf Senescence / Aaron P Smith, Elena B Fontenot, Sara Zahraeifard, Sandra Feuer DiTusa -- Interactions between Nitrogen and Phosphorus metabolism / John A Raven -- P-deprivation Responses. Metabolomics of plant phosphorus-starvation response / Chris Jones, Jean-Hugues Hatier, Mingshu Cao, Karl Fraser, Susanne Rasmussen -- Membrane remodelling in phosphorus-deficient plants / Meike Siebers, Peter Dörmann, Georg Hölzl -- The Role of Intracellular and Secreted Purple Acid Phosphatases in Plant Phosphorus Scavenging and Recycling / Jiang Tian, Hong Liao -- Metabolic Adaptations of the Non-Mycotrophic Proteaceae to Soils With Low Phosphorus Availability / Hans Lambers, Peta L Clode, Heidi-Jayne Hawkins, Etienne Laliberté, Rafael S Oliveira, Paul Reddell, Michael W Shane, Mark Stitt, Peter Weston -- Algae in a phosphorus-limited landscape / Arthur R Grossman, Munevver Aksoy -- Significance of plant-microbe interactions for P-acquisition and metabolism. Impact of roots, microorganisms and microfauna on the fate of soil phosphorus in the rhizosphere / Philippe Hinsinger, Laetitia Herrmann, Didier Lesueur, Agnes Robin, Jean Trap, Kittima Waithaisong, Claude Plassard -- Mycorrhizal associations and phosphorus acquisition: from cells to ecosystems / Sally E Smith, Ian C Anderson, F Andrew Smith.
|
| 504 |
|
|
|a Includes bibliographical references and index.
|
| 588 |
0 |
|
|a Online resource; title from PDF title page (John Wiley, viewed April 20, 2015).
|
| 650 |
|
0 |
|a Plants
|x Effect of phosphorus on.
|
| 650 |
|
0 |
|a Phosphorus in agriculture.
|
| 650 |
|
0 |
|a Phosphatic fertilizers.
|
| 650 |
|
0 |
|a Phosphorus
|x Metabolism.
|
| 650 |
|
7 |
|a Phosphatic fertilizers.
|2 fast
|0 (OCoLC)fst01061374
|
| 650 |
|
7 |
|a Phosphorus in agriculture.
|2 fast
|0 (OCoLC)fst01061474
|
| 650 |
|
7 |
|a Phosphorus
|x Metabolism.
|2 fast
|0 (OCoLC)fst01061460
|
| 650 |
|
7 |
|a Plants
|x Effect of phosphorus on.
|2 fast
|0 (OCoLC)fst01065973
|
| 655 |
|
4 |
|a Electronic books.
|
| 700 |
1 |
|
|a Plaxton, William C.,
|e editor.
|
| 700 |
1 |
|
|a Lambers, H.,
|e editor.
|
| 856 |
4 |
0 |
|u https://doi.org/10.1002/9781118958841
|z Full Text via HEAL-Link
|
| 994 |
|
|
|a 92
|b DG1
|